| 000 | 00362nam a2200109Ia 4500 | ||
|---|---|---|---|
| 008 | 181011s9999 xx 000 0 und d | ||
| 100 | _aClinton Bennett | ||
| 245 | 0 | _aIn Dialogue with Truth: A Critical Biography of Henry Martyn | |
| 500 | _aThe Bulletin of Henry Martyn school of Islamic Studies Jan -June 1997 | ||
| 650 | _aHenry Martyn Institute | ||
| 942 | _cBR | ||
| 999 |
_c21815 _d21815 |
||